[Event "Mare di Fano op 1st"]
[Site "Fano"]
[Date "2012.08.04"]
[Round "8"]
[White "Varvaglione, Antonio"]
[Black "Faini, Marco"]
[Result "1-0"]
[WhiteElo "2011"]
[BlackElo "1908"]
[PlyCount "99"]
[EventDate "2012.07.30"]
[EventType "swiss"]
[EventRounds "9"]
[EventCountry "ITA"]
[SourceTitle "EXT 2015"]
[Source "ChessBase"]
[SourceDate "2014.11.20"]
[SourceVersion "1"]
[SourceVersionDate "2014.11.20"]
[SourceQuality "1"]

1. e4 c5 2. c3 d6 3. d4 Nf6 4. Bd3 g6 5. Nf3 Bg7 6. 0-0 0-0 7. Re1 Qc7 8. Qe2 e5 9. dxe5 dxe5 10. Bg5 Be6 11. Bxf6 Bxf6 12. Nbd2 Nc6 13. Nf1 Rfd8 14. Ne3 Rd6 15. Bc4 Rad8 16. Rad1 Ne7 17. Rxd6 Rxd6 18. Bxe6 Rxe6 19. Rd1 Rd6 20. Nc4 Rxd1+ 21. Qxd1 b5 22. Qd6 Qxd6 23. Nxd6 b4 24. Nb7 bxc3 25. bxc3 Nc6 26. Nxc5 Be7 27. Nd3 f6 28. Kf1 Kf7 29. Ke2 Ke6 30. Nd2 h6 31. Nc4 h5 32. Kd2 f5 33. f3 fxe4 34. fxe4 Bg5+ 35. Kc2 Bf6 36. Kb3 g5 37. Ka4 Ne7 38. Nc5+ Kf7 39. Nd6+ Kg7 40. Nf5+ Nxf5 41. exf5 Be7 42. Ne4 Kf7 43. Kb5 Bd8 44. c4 g4 45. h3 Bh4 46. Ka6 Ke7 47. Kxa7 Kd7 48. Kb7 Be7 49. hxg4 hxg4 50. c5 1-0

[Event "Mare di Fano op 1st"]
[Site "Fano"]
[Date "2012.07.30"]
[Round "1"]
[White "Faini, Marco"]
[Black "Buriani, Andrea"]
[Result "0-1"]
[WhiteElo "1908"]
[BlackElo "2174"]
[PlyCount "76"]
[EventDate "2012.07.30"]
[EventType "swiss"]
[EventRounds "9"]
[EventCountry "ITA"]
[SourceTitle "EXT 2015"]
[Source "ChessBase"]
[SourceDate "2014.11.20"]
[SourceVersion "1"]
[SourceVersionDate "2014.11.20"]
[SourceQuality "1"]

1. c4 e5 2. g3 Nc6 3. Bg2 g6 4. Nc3 Bg7 5. e4 d6 6. d3 f5 7. Nge2 Nf6 8. 0-0 0-0 9. f4 Nd4 10. Nxd4 exd4 11. Ne2 c5 12. exf5 Bxf5 13. Bxb7 Rb8 14. Bf3 Re8 15. Qc2 Ng4 16. Bxg4 Bxg4 17. Re1 Re6 18. Kf2 Qe7 19. h3 Bh5 20. f5 gxf5 21. Nf4 Rxe1 22. Nxh5 Re8 23. Nf4 Bh6 24. Nd5 Qe2+ 25. Qxe2 R8xe2+ 26. Kf3 Bxc1 27. Rxc1 Rxc1 28. Kxe2 Rc2+ 29. Kf3 Rxb2 30. Ne7+ Kf7 31. Nxf5 Ke6 32. Ng7+ Ke5 33. Ne8 Rxa2 34. Nc7 Rd2 35. Nd5 Rxd3+ 36. Kf2 a5 37. Ne7 a4 38. Nc6+ Kf6 0-1

[Event "ITA-ch C"]
[Site "Civitanova Marche"]
[Date "2012.07.22"]
[Round "8"]
[White "Faini, Marco"]
[Black "Rubini, Alessandro"]
[Result "1/2-1/2"]
[WhiteElo "1908"]
[BlackElo "1917"]
[PlyCount "69"]
[EventDate "2012.07.15"]
[EventType "swiss"]
[EventRounds "8"]
[EventCountry "ITA"]
[SourceTitle "EXT 2023"]
[Source "ChessBase"]
[SourceDate "2022.10.05"]
[SourceVersion "1"]
[SourceVersionDate "2022.10.05"]
[SourceQuality "1"]

1. c4 f5 2. g3 Nf6 3. Bg2 d6 4. Nc3 g6 5. d3 Bg7 6. e3 0-0 7. Nge2 c6 8. Rb1 e5 9. 0-0 a5 10. a3 Be6 11. b4 axb4 12. axb4 Nbd7 13. b5 Qc7 14. bxc6 bxc6 15. Qc2 d5 16. cxd5 cxd5 17. d4 e4 18. Rb3 Rfc8 19. Qb1 Bf8 20. Bd2 Rab8 21. Rc1 Qc4 22. Rxb8 Rxb8 23. Qc2 Ba3 24. Rb1 Rc8 25. Nf4 Bf7 26. Bf1 Qc6 27. Qb3 Bf8 28. Qb7 g5 29. Nfe2 Ne8 30. Qxc6 Rxc6 31. Rb7 Rc7 32. Rxc7 Nxc7 33. Nc1 Ne8 34. Na4 Nd6 35. Bb4 1/2-1/2

[Event "Arco op"]
[Site "Arco"]
[Date "2011.12.26"]
[Round "1"]
[White "Fox, Jonas1"]
[Black "Faini, Marco"]
[Result "0-1"]
[WhiteElo "1641"]
[BlackElo "1952"]
[PlyCount "88"]
[EventDate "2011.12.26"]
[EventType "swiss"]
[EventRounds "7"]
[EventCountry "ITA"]
[SourceTitle "EXT 2023"]
[Source "ChessBase"]
[SourceDate "2022.10.05"]
[SourceVersion "1"]
[SourceVersionDate "2022.10.05"]
[SourceQuality "1"]

1. e4 c5 2. Nc3 g6 3. f4 Bg7 4. Nf3 Nc6 5. Bb5 e6 6. Bxc6 bxc6 7. 0-0 d5 8. d3 Nf6 9. Qe1 0-0 10. Qh4 Nd7 11. Qh3 Rb8 12. g4 f6 13. f5 exf5 14. gxf5 Ne5 15. Nxe5 fxe5 16. Qg3 gxf5 17. exf5 Kh8 18. Kh1 Bf6 19. Qf3 Rg8 20. Bh6 Qd6 21. Qh5 Bd7 22. Rg1 Qe7 23. Rg3 Rxg3 24. hxg3 Rg8 25. Rg1 Bg5 26. g4 Qf6 27. Bxg5 Rxg5 28. Qh2 Kg7 29. Ne2 Be8 30. Rg3 h5 31. gxh5 Qxf5 32. Qh4 Kh6 33. Qxg5+ Qxg5 34. Rxg5 Kxg5 35. Ng3 Bxh5 36. Nxh5 Kxh5 37. Kg2 Kg4 38. Kf2 Kf4 39. Ke2 a6 40. a3 a5 41. a4 e4 42. b3 e3 43. d4 c4 44. bxc4 dxc4 0-1

[Event "Offida Winter op 8th"]
[Site "Offida"]
[Date "2010.12.05"]
[Round "2"]
[White "Faini, Marco"]
[Black "Di Giacobbe, Matteo"]
[Result "1-0"]
[WhiteElo "1951"]
[BlackElo "1720"]
[PlyCount "45"]
[EventDate "2010.12.05"]
[EventType "swiss"]
[EventRounds "6"]
[EventCountry "ITA"]
[SourceTitle "EXT 2024"]
[Source "ChessBase"]
[SourceDate "2023.10.10"]
[SourceVersion "1"]
[SourceVersionDate "2023.10.10"]
[SourceQuality "1"]

1. c4 Nf6 2. g3 g6 3. Bg2 d5 4. d3 Bg7 5. Nc3 dxc4 6. Qa4+ c6 7. Qxc4 0-0 8. Qb3 Nbd7 9. Nf3 Qb6 10. Qc2 Nd5 11. 0-0 N7f6 12. Nd2 Be6 13. Nc4 Qc7 14. a3 Rfd8 15. Ne3 Nxc3 16. bxc3 Nd5 17. Nxd5 cxd5 18. Bb2 Rac8 19. Rfc1 Bf5 20. Qb3 Be6 21. a4 Qd7 22. a5 a6 23. Rc2 1-0

[Event "San Severino Marche 12th"]
[Site "San Severino Marche"]
[Date "2010.09.05"]
[Round "4"]
[White "Spada, Angelo"]
[Black "Faini, Marco"]
[Result "1/2-1/2"]
[WhiteElo "2046"]
[BlackElo "1959"]
[PlyCount "133"]
[EventDate "2010.09.03"]
[EventType "swiss"]
[EventRounds "5"]
[EventCountry "ITA"]
[SourceTitle "EXT 2024"]
[Source "ChessBase"]
[SourceDate "2023.10.10"]
[SourceVersion "1"]
[SourceVersionDate "2023.10.10"]
[SourceQuality "1"]

1. Nf3 Nf6 2. g3 d6 3. d3 g6 4. Bg2 Bg7 5. 0-0 c5 6. Nbd2 0-0 7. e4 Nc6 8. Re1 Qc7 9. c3 Rb8 10. Nf1 b5 11. Bg5 h6 12. Be3 b4 13. Qd2 Kh7 14. Nh4 bxc3 15. bxc3 Ba6 16. f4 Rb5 17. c4 Rb4 18. a3 Rb3 19. Qc2 Rfb8 20. Reb1 Rxb1 21. Rxb1 Rb6 22. e5 Ng4 23. e6 f5 24. Rxb6 Qxb6 25. Qa4 Bb7 26. Nf3 Qa5 27. Qb3 Qb6 28. Qb5 Qxb5 29. cxb5 Nd8 30. a4 Nxe6 31. Ng5+ hxg5 32. Bxb7 gxf4 33. Bd2 Bd4+ 34. Kg2 Ne5 35. Bd5 Nc7 36. Bc4 d5 37. gxf4 dxc4 38. fxe5 cxd3 39. Be3 Bxe3 40. Nxe3 d2 41. Kf2 Nd5 42. Nd1 c4 43. Ke2 c3 44. Kd3 f4 45. a5 Kg7 46. b6 axb6 47. axb6 Nxb6 48. Nxc3 g5 49. Kxd2 Nc4+ 50. Kd3 Nxe5+ 51. Ke4 Ng4 52. h3 Nf2+ 53. Kf5 Nxh3 54. Kg4 Ng1 55. Kxg5 f3 56. Nd1 Nh3+ 57. Kg4 f2 58. Ne3 Ng1 59. Kg3 Ne2+ 60. Kxf2 Nd4 61. Kg3 e5 62. Kg4 Kf7 63. Kg5 Ke6 64. Kg4 Kd6 65. Kg5 Ke6 66. Kg4 Kd6 67. Kg5 1/2-1/2

[Event "Viterbo op 6th"]
[Site "Viterbo"]
[Date "2009.06.01"]
[Round "4"]
[White "Faini, Marco"]
[Black "Marini, Riccardo"]
[Result "1-0"]
[WhiteElo "1915"]
[BlackElo "1703"]
[PlyCount "66"]
[EventDate "2009.05.30"]
[EventType "swiss"]
[EventRounds "7"]
[EventCountry "ITA"]
[SourceTitle "EXT 2011"]
[Source "ChessBase"]
[SourceDate "2010.11.26"]
[SourceVersion "1"]
[SourceVersionDate "2010.11.26"]
[SourceQuality "1"]

1. c4 c5 2. Nc3 Nc6 3. g3 g6 4. Bg2 Bg7 5. e4 e6 6. d3 Nge7 7. Nge2 0-0 8. Be3 d6 9. Qd2 Re8 10. 0-0 b6 11. d4 cxd4 12. Nxd4 Ne5 13. b3 Bb7 14. Rad1 a6 15. Nde2 Nc8 16. h3 Qc7 17. f4 Nc6 18. Nd4 N8e7 19. Qf2 Nxd4 20. Bxd4 Bxd4 21. Rxd4 Rad8 22. Rfd1 Rd7 23. e5 Red8 24. Bxb7 Qxb7 25. Rxd6 Nf5 26. Rxd7 Rxd7 27. Rxd7 Qxd7 28. Ne4 Qd3 29. Nf6+ Kg7 30. Kg2 Ne3+ 31. Kg1 h5 32. Ne8+ Kf8 33. Nc7 h4 1-0

[Event "Porto Sant Elpidio op-A 10th"]
[Site "Porto Sant Elpidio"]
[Date "2007.11.25"]
[Round "2"]
[White "Faini, Marco"]
[Black "Guglielmi, Dante"]
[Result "0-1"]
[WhiteElo "1860"]
[BlackElo "1925"]
[PlyCount "120"]
[EventDate "2007.11.24"]
[EventType "swiss"]
[EventRounds "6"]
[EventCountry "ITA"]
[SourceTitle "EXT 2010"]
[Source "ChessBase"]
[SourceDate "2010.11.25"]
[SourceVersion "1"]
[SourceVersionDate "2010.11.25"]
[SourceQuality "1"]

1. c4 Nf6 2. Nc3 g6 3. g3 Bg7 4. Bg2 0-0 5. e4 d6 6. Nge2 Nbd7 7. d3 Ne5 8. h3 c5 9. f4 Nc6 10. Be3 Nd7 11. Qd2 Nd4 12. 0-0 Nxe2+ 13. Nxe2 Rb8 14. Rab1 b6 15. f5 Ne5 16. Kh2 e6 17. fxg6 hxg6 18. Ng1 Qc7 19. b3 Bb7 20. Rf2 Rbd8 21. Nf3 d5 22. Qc2 dxe4 23. dxe4 Nd3 24. Re2 Nb4 25. Qc1 Bxe4 26. Bg5 Bxb1 27. Bxd8 Rxd8 28. Qxb1 Nc6 29. Re4 Ne7 30. Nh4 Rd2 31. Re3 Qd6 32. a4 Bf6 33. Qe4 Bxh4 34. Qxh4 Nf5 35. Qe4 Nxe3 36. Qxe3 Rd3 37. Qe1 Rxb3 38. h4 Qd3 39. Qe5 Qe3 40. Qb8+ Kg7 41. Qc7 Ra3 42. h5 gxh5 43. Bh3 Qe2+ 44. Bg2 Ra2 45. Qb7 Qxg2+ 46. Qxg2 Rxg2+ 47. Kxg2 Kf6 48. Kf3 Kf5 49. Ke3 Kg4 50. Kf2 f5 51. Kg2 h4 52. gxh4 Kxh4 53. Kf3 e5 54. Kg2 Kg4 55. Kf2 Kf4 56. Ke2 Ke4 57. Kd2 Kd4 58. Ke1 Kxc4 59. Kd2 Kd4 60. Ke2 e4 0-1

[Event "Porto Sant Elpidio op-B 8th"]
[Site "Porto Sant Elpidio"]
[Date "2005.11.27"]
[Round "5"]
[White "Faini, Marco"]
[Black "Senigagliesi, Eros"]
[Result "0-1"]
[WhiteElo "1524"]
[BlackElo "1641"]
[PlyCount "174"]
[EventDate "2005.11.19"]
[EventType "swiss"]
[EventRounds "6"]
[EventCountry "ITA"]
[SourceTitle "EXT 2024"]
[Source "ChessBase"]
[SourceDate "2023.10.10"]
[SourceVersion "1"]
[SourceVersionDate "2023.10.10"]
[SourceQuality "1"]

1. d4 Nf6 2. Nf3 g6 3. c4 Bg7 4. Nc3 d6 5. e4 c6 6. Bd3 0-0 7. 0-0 Qc7 8. Be3 Nbd7 9. Qd2 Re8 10. Bh6 Bh8 11. Rad1 c5 12. d5 Ng4 13. Bf4 Nge5 14. Be2 Nxf3+ 15. Bxf3 Ne5 16. Be2 Bd7 17. b3 a6 18. Rfe1 Qa5 19. Nb1 Qc7 20. Qc2 b5 21. Nd2 Reb8 22. Rb1 Rb7 23. Nf3 Nxf3+ 24. Bxf3 Rab8 25. Bd2 bxc4 26. bxc4 Rb2 27. Rxb2 Rxb2 28. Qd3 Rxa2 29. Rb1 Ra1 30. Rxa1 Bxa1 31. Qa3 Bd4 32. Qxa6 Qb8 33. Qa2 f5 34. g3 fxe4 35. Bxe4 Bg4 36. Bg2 Qb2 37. Qxb2 Bxb2 38. Bf1 Bd1 39. Bd3 Kg7 40. Kg2 Kf6 41. f4 e6 42. dxe6 Kxe6 43. Be4 Bd4 44. Bd5+ Kf5 45. h3 h5 46. Be1 Bc2 47. Kf3 Bd1+ 48. Kg2 g5 49. Bd2 g4 50. h4 Kf6 51. Be1 Bc2 52. Bf2 Bc3 53. Be3 Bg6 54. Kf1 Bf7 55. Bxf7 Kxf7 56. Ke2 Kf6 57. Bf2 Kf5 58. Kd3 Bf6 59. Be3 Be7 60. Bf2 Bxh4 61. gxh4 Kxf4 62. Be3+ Kf3 63. Bg1 g3 64. Be3 Kg4 65. Ke4 Kxh4 66. Kd5 Kg4 67. Kxd6 h4 68. Bxc5 h3 69. Bg1 h2 70. Bxh2 gxh2 71. c5 h1Q 72. c6 Qh6+ 73. Kd7 Qg7+ 74. Kc8 Qf8+ 75. Kb7 Qb4+ 76. Kc8 Qb6 77. c7 Kf5 78. Kd7 Qb7 79. Kd8 Qd5+ 80. Ke7 Qe6+ 81. Kd8 Kf6 82. c8N Qd5+ 83. Kc7 Qa5+ 84. Nb6 Qc5+ 85. Kb7 Ke7 86. Nc8+ Kd7 87. Nb6+ Ke6 0-1